Recabarren y el movimiento obrero en Chile.

Saved in:
Bibliographic Details
Main Author: Simon, Fanny (autora)
Other Authors: Pérez Ferretti, Nicolás (traductor), Salgado Muñoz, Alfonso (estudio introductorio)
Format: Book
Published: Santiago, Chile: Ariadna ediciones, 2024.
Edition:Primera edición.
Subjects:
Tags: Add Tag
No Tags, Be the first to tag this record!

MARC

LEADER 00000nam a22000007a 4500
003 CL-VaPUC
005 20240916121826.0
008 240905t2024 ||||| |||| 00| 0 eng d
999 |c 444622  |d 444620 
020 |a 978-956-6276-19-7 
040 |c Pontificia Universidad Católica de Valparaíso 
082 |2 22  |a 322.2 SIM 2024  
100 1 |a Simon, Fanny  |e autora  |9 891053 
245 |a Recabarren y el movimiento obrero en Chile. 
250 |a Primera edición. 
260 |a Santiago, Chile:  |b Ariadna ediciones,   |c 2024. 
300 |a 284 páginas.  
500 |a c.1. Donación Profesora Mariana Labarca. Instituto de Historia. Memo HIS/18 20-8-2024 
583 |c 20240905  |k GC 
600 0 |9 256464  |a Recabarren, Luis Emilio,   |d 1876-1924  |x Líder sindical y político chileno   |v Biografía  
650 0 |9 322899  |a Movimiento obrero   |x Trabajadores en política   |z Chile  
650 0 |9 721878  |a Partido obrero socialista   |v Historia   |z Chile  
700 |a Pérez Ferretti, Nicolás  |e traductor  |9 891054 
700 |a Salgado Muñoz, Alfonso   |e estudio introductorio  |9 891136 
942 |2 ddc  |c BK 
952 |0 0  |1 0  |2 ddc  |4 0  |6 322_200000000000000_SIM_2024  |7 0  |8 A  |9 596621  |a BIBHIS  |b BIBHIS  |d 2024-09-05  |e Donación   |i 5662612  |o 322.2 SIM 2024  |p 5662612  |r 2025-01-20  |t 1  |w 2024-09-05  |y BK  |k HIS